| 000 | 00701nam a2200229 a 4500 | ||
|---|---|---|---|
| 001 | BRCA_3853 | ||
| 005 | 20190320204441.0 | ||
| 008 | 171209s1914----nyua######---#000-0#eng-# | ||
| 041 | _aeng | ||
| 044 | _anyu | ||
| 050 | 4 |
_aF1234 _b.B45 1914 |
|
| 100 | 1 |
_aBell, Edward I. _910033 |
|
| 245 | 1 | 0 |
_aThe political shame of México _cby Edward I. Bell. |
| 260 |
_aNew York _bMcBride, Nast & Co. _c1914 |
||
| 300 |
_a422 p. _bil., retratos _c21 cm. |
||
| 500 | _aC12 | ||
| 651 | 4 |
_aMéxico _xRelaciones exteriores _zEstados Unidos _910034 |
|
| 651 | 4 |
_aEstados Unidos _xRelaciones exteriores _zMéxico _910035 |
|
| 651 | 4 |
_aMéxico _vHistoria _yRevolución 1910-1917 _910036 |
|
| 902 | _aGFM | ||
| 942 |
_2lcc _cB |
||
| 999 |
_c3581 _d3581 |
||